书目信息 |
| 题名: |
深圳样板房前沿作品及评析
|
|
| 作者: | 裴长辉 主编 | |
| 分册: | ||
| 出版信息: | 深圳 海天出版社 2004.5 |
|
| 页数: | 191页 | |
| 开本: | 29cm | |
| 丛书名: | ||
| 单 册: | ||
| 中图分类: | TU241-64 | |
| 科图分类: | ||
| 主题词: | 住宅--建筑设计--深圳市--图集 , 建筑设计 | |
| 电子资源: | ||
| ISBN: | 7-80697-107-6 | |
| 000 | 00771nam0 2200229 45 | |
| 001 | 012004000000 | |
| 005 | 20050111143927.85 | |
| 010 | @a7-80697-107-6@dCNY 89.00 | |
| 100 | @a20041210d2004 em y0chiy0121 ea | |
| 101 | 0 | @achi |
| 102 | @aCN@b440000 | |
| 105 | @aa z 000yy | |
| 200 | 1 | @a深圳样板房前沿作品及评析@Ashen zhen yang ban fang qian yan zuo pin ji ping xi@dDecoratio & comment of sample house in shenzhen@f裴长辉主编@zeng |
| 210 | @a深圳@c海天出版社@d2004.5 | |
| 215 | @a191页@c图@d29cm | |
| 510 | 1 | @aDecoratio & comment of sample house in shenzhen@zeng |
| 606 | 0 | @a住宅@x建筑设计@y深圳市@j图集 |
| 606 | 0 | @a建筑设计 |
| 690 | @aTU241-64@v4 | |
| 701 | 0 | @a裴长辉@Apei chang hui@4主编 |
| 801 | 0 | @aCN@bQSSKxf@c20050111 |
| 905 | @a10447@dTU241-64@eP370 | |
| 深圳样板房前沿作品及评析=Decoratio & comment of sample house in shenzhen/裴长辉主编.-深圳:海天出版社,2004.5 |
| 191页:图;29cm |
| ISBN 7-80697-107-6:CNY 89.00 |
| ● |
| 相关链接 |
|
|
|
正题名:深圳样板房前沿作品及评析
索取号:TU241-64/P370
 
预约/预借
| 序号 | 登录号 | 条形码 | 馆藏地/架位号 | 状态 | 备注 |
| 1 | 435993 | 204359933 | 建筑库101/101建筑库 61排5列1层/ [索取号:TU241-64/P370] | 在馆 |